Tyndale Bible dictionary / (Record no. 2199)
[ view plain ]
| 000 -LEADER | |
|---|---|
| fixed length control field | 01006cam a22002894a 4500 |
| 001 - CONTROL NUMBER | |
| control field | 12407191 |
| 003 - CONTROL NUMBER IDENTIFIER | |
| control field | GBCCL |
| 005 - DATE AND TIME OF LATEST TRANSACTION | |
| control field | 20241126110422.0 |
| 008 - FIXED-LENGTH DATA ELEMENTS--GENERAL INFORMATION | |
| fixed length control field | 010514s2001 iluab 000 0 eng |
| 010 ## - | |
| -- | 2001034697 |
| 020 ## - INTERNATIONAL STANDARD BOOK NUMBER | |
| International Standard Book Number | 0842370897 (alk. paper) |
| 040 ## - CATALOGING SOURCE | |
| Original cataloging agency | DLC |
| Transcribing agency | DLC |
| Modifying agency | DLC |
| 042 ## - | |
| -- | pcc |
| 050 00 - | |
| -- | BS440 |
| -- | .T96 2001 |
| 082 00 - DEWEY DECIMAL CLASSIFICATION NUMBER | |
| Classification number | 220.3 |
| Edition information | 21 |
| Item number | TYN |
| 245 00 - TITLE STATEMENT | |
| Title | Tyndale Bible dictionary / |
| Statement of responsibility, etc. | editors, Walter A. Elwell and Philip W. Comfort. |
| 246 30 - | |
| -- | Bible dictionary |
| 260 ## - PUBLICATION, DISTRIBUTION, ETC. | |
| Place of publication, distribution, etc. | Wheaton, Ill. : |
| Name of publisher, distributor, etc. | Tyndale House Publishers, |
| Date of publication, distribution, etc. | c2001. |
| 300 ## - PHYSICAL DESCRIPTION | |
| Extent | 1336 p. : |
| Other physical details | ill., col. maps ; |
| Dimensions | 27 cm. |
| 440 #0 - SERIES STATEMENT/ADDED ENTRY--TITLE | |
| Title | Tyndale reference library |
| 9 (RLIN) | 4500 |
| 630 00 - SUBJECT ADDED ENTRY--UNIFORM TITLE | |
| Uniform title | Bible |
| Form subdivision | Dictionaries. |
| 9 (RLIN) | 1814 |
| 700 1# - ADDED ENTRY--PERSONAL NAME | |
| Personal name | Elwell, Walter A. |
| 9 (RLIN) | 1780 |
| 700 1# - ADDED ENTRY--PERSONAL NAME | |
| Personal name | Comfort, Philip Wesley. |
| 9 (RLIN) | 1417 |
| 906 ## - LOCAL DATA ELEMENT F, LDF (RLIN) | |
| a | 7 |
| b | cbc |
| c | orignew |
| d | 1 |
| e | ocip |
| f | 20 |
| g | y-gencatlg |
| 942 ## - ADDED ENTRY ELEMENTS (KOHA) | |
| Source of classification or shelving scheme | Dewey Decimal Classification |
| Koha item type | Reference Books |
| Withdrawn status | Lost status | Source of classification or shelving scheme | Damaged status | Not for loan | Home library | Current Library | Shelving location | Date acquired | Total checkouts | Full call number | Barcode | Date last seen | Copy number | Price effective from | Koha item type |
|---|---|---|---|---|---|---|---|---|---|---|---|---|---|---|---|
| Dewey Decimal Classification | GRACE BIBLE COLLEGE | GRACE BIBLE COLLEGE | Dictionary | 2017-07-13 | 220.3 TYN | 006795 | 2025-05-01 | c.1 | 2017-07-13 | Reference Books | |||||
| Dewey Decimal Classification | GRACE BIBLE COLLEGE | GRACE BIBLE COLLEGE | Dictionary | 2024-01-22 | 220.3 TYN | 016444 | 2025-05-01 | c.2 | 2024-01-22 | Reference Books |